000 01256nam0a22002651 4500
001 rc\1000847
005 20250622072929.0
035 _a(NLR Aleph) 006167175
090 _a5925588
_c5925588
100 _a20041129d1981 |||y0rusy50 ca
101 0 _arus
102 _aRU
105 _aa |||||||||
200 1 _aСовершенствование технологии годового планирования на основе применения экономико-математических методов и ЭВМ
_f[Г.К. Алтынов, Н.Т. Кочетков, Р.В. Крыгина и др.]
210 _aМ.
_cЦНИИцветмет экономики и информ.
_d1981
215 _a34 с.
_cил.
_d20
225 1 _aОбзорная информация
_iСерия "В помощь экономическому образованию специалистов"
_fЦНИИ экономики и информ. цв. металлургии
_vВып. 1
300 _aВ надзаг. также: М-во цв. металлургии СССР
320 _aБиблиогр.: с. 33
701 1 _aАлтынов
_bГ.К.
801 0 _aRU
_bNLR
_gpsbo
801 1 _aRU
_bELAR
_2rusmarc
852 _aNLR
_jП22/4779
942 _cBOOK
980 _aNB